League of legends : regions of Runeterra. - Statistics

General Stats
  • This quiz has been taken 146 times
  • The average score is 11 of 17
Answer Stats
Hint Answer % Correct
Brutal expansionist empire Noxus
95%
Proud military kingdom Demacia
93%
Polluted undercity Zaun
90%
The first lands Ionia
89%
Fallen desert empire Shurima
89%
Thriving coastal city Piltover
87%
Lawless port city Bilgewater
83%
Harsh frozen land Freljord
78%
The unknowable nothingness The void
78%
Mythical land of curious enchantment Bandle city
70%
Perilous eastern jungles Ixtal
68%
Lands shrouded by the Black mist Shadow Isles
65%
Sprawling western mountains Targon
60%
The kingdom of the argent throne Camavor
24%
Underwater vastayan domain Marai territory
4%
Lands south of Camavor Independant lands
1%
Ursine wilds Ursine lands
1%
No matching quizzes found
Score Distribution
Percent of People with Each Score
Percentile by Number Answered
Your Score History
You have not taken this quiz